00496nam a2200193Ia 4500003000400000005001700004008004100021020001800062040000700080041000800087082001500095100001400110245006500124260005000189300001700239365001400256650001400270650001800284OSt20230418093232.0210423s2011 xx 000 0 und d a9788189630133 cAL aeng a305.4 SUDT aSUDHA (T) aEducation employment and empowerment of rural women in India aNew DelhibGlobal Research Publicationsc2011 axiii,287bHB b1100cINR aSociology aWomen Studies